| 000 | 00319nam a22000977a 4500 | ||
|---|---|---|---|
| 082 |
_a297.2 _bLUD |
||
| 100 |
_aMuhammad Yusuf Ludhyanvi _951017 |
||
| 245 |
_aآپ کے مسائل اور ان کا حل Aap Kay Masail Aur Un Ka Hal _cMuhammad Yusuf Ludhyanvi |
||
| 526 |
_a0 _b0 _c0 _d297_200000000000000_LUD |
||
| 942 |
_2ddc _cBK |
||
| 999 |
_c553752 _d553752 |
||